00546nam a2200193Ia 4500003000400000005001700004008004100021020001500062040001800077041000800095082002200103100002000125245008800145250001200233260003500245300003000280650001900310650002300329OSt20250221093927.0210716s2004 xx 000 0 und d a8181281675 cAIMIT LIBRARY aeng a006.67121b HABM aHabibi, Mehran. aJava regular expressions : btaming the java util regex engine /cBy Mehran Habibi. a1st ed. aNew Delhi :bSpringer ,c2004. axvii,255p. ;bPBc24.5 cm aAdvanced regex aPractical examples